| 000 | 00997njm a2200313Ia 4500 | ||
|---|---|---|---|
| 001 | B5451 | ||
| 003 | IT-RoPAU | ||
| 005 | 20220918181214.0 | ||
| 008 | 131025s9999 xx 000 0 und d | ||
| 040 | _aIT-RoPAU | ||
| 040 | _cIT-RoPAU | ||
| 041 | _aITALIANO | ||
| 999 |
_c103804 _d103804 |
||
| 999 | _bn.d. | ||
| 100 |
_aParisi Antonio _928903 |
||
| 100 |
_eAutore musica _929062 |
||
| 100 |
_gCodice autore musica SPICS: 35389 _928905 |
||
| 245 | _aLodi e vespri 1 - Domenica della prima settimana | ||
| 250 | _a1a ed. | ||
| 260 | _aROMA | ||
| 260 |
_bEP - MUSICALI E DISCOGRAFICHE _c1991 [1a Ed.:1991 - Ed. Lingua Orig.: 1991] |
||
| 300 | _aMUSICASSETTA | ||
| 300 | _c42 minuti (Testo: 0 pag.) | ||
| 500 | _aMusica religiosa, liturgica | ||
| 505 | _aLodi e vespri della Domenica della prima settimana. | ||
| 511 | _aParisi Antonio | ||
| 650 |
_aLITURGICO [CASSETTE] _eCodice MATERIA SPICS: 9951 _95632 |
||
| 700 |
_aParisi Antonio _gCodice interprete SPICS: 35389 _eInterprete _929063 |
||
| 942 |
_cMC _2ddc |
||